000 00473nam a22001817a 4500
005 20251108164231.0
008 250721s1989 xx 000 0 ara d
082 1 4 _a128/رجا
100 1 _aالنقاش، رجاء
245 1 0 _aتأملات في الإنسان /
250 _aط6.
264 1 _aالرياض :
_bدار المريخ للنشر،
_c1989.
300 _a288ص
650 1 7 _aالإنسان
650 1 7 _aالروح
942 _2ddc
_cBK
999 _c7064
_d7064